| 000 | 00482nam a22001697a 4500 | ||
|---|---|---|---|
| 999 |
_c534174 _d534174 |
||
| 003 | NUST | ||
| 005 | 20200206131950.0 | ||
| 008 | 200206b ||||| |||| 00| 0 eng d | ||
| 038 | _aMSOHAIL | ||
| 082 | _a910.4 TAR | ||
| 100 |
_a Mustansar Hussain Tarar / مُستنصر حُسین تارڑ _928323 |
||
| 245 | _aSnow Lake / سنو لیک | ||
| 260 |
_aLAHORE _bSANG-E-MEEL _c2009 |
||
| 300 | _a504;P | ||
| 650 |
_aURDU ADAB-SAFAR NAMA-KHANA BADOSH. _928321 |
||
| 942 |
_cBK _2ddc |
||